History Quiz

Random History or Year Quiz
Score 0/31 Timer 10:00
1 Play Today
% Correct
Europe
93.9%
Afghanistan
88.2%
Nuclear Weapons
84.6%
Che Guevara
84.4%
Sydney
84%
Neptune
83.9%
North Carolina
83.2%
Paris
76.2%
Mao Zedong
76%
Alaska
75.9%
Julius Caesar
74.5%
Jerusalem
74.4%
Statue of Liberty
71.6%
Nero
69.1%
Joseph Pulitzer
67.7%
United Nations
67%
% Correct
Austria-Hungary
64%
Horatio Nelson
59.8%
Longbow
55.8%
Tornado
55.8%
The Bahamas
54.3%
Grand Duchy of Moscow
52.8%
Simón Bolívar
49.2%
Ninety-Five
48.6%
Tombstone
42.1%
Chuck Yeager
41.3%
Chief Justice of the United States
40.4%
Friedrich Nietzsche
39.3%
Habeas Corpus
36.7%
Thirty Years' War
33.6%
Armenia
12.3%
Remove Ads.
Support Sporcle.
Get the best of Sporcle when you Go Orange. This ad-free experience offers more features, more stats, and more fun while also helping to support Sporcle. Thank you for becoming a member.

You're not logged in!

Compare scores with friends on all Sporcle quizzes.
OR
Log In

Show Comments

Extras

Top Quizzes Today


Score Distribution

Your Account Isn't Verified!

In order to create a playlist on Sporcle, you need to verify the email address you used during registration. Go to your Sporcle Settings to finish the process.

Report this User

Report this user for behavior that violates our Community Guidelines.

Details: